<?xml version="1.0" encoding="UTF-8"?>
<record
    xmlns:xsi="http://www.w3.org/2001/XMLSchema-instance"
    xsi:schemaLocation="http://www.loc.gov/MARC21/slim http://www.loc.gov/standards/marcxml/schema/MARC21slim.xsd"
    xmlns="http://www.loc.gov/MARC21/slim">

  <leader>02946nam a2200433 a 4500</leader>
  <controlfield tag="001">000008681</controlfield>
  <controlfield tag="003">DO-SdBNP</controlfield>
  <controlfield tag="005">20250626105602.0</controlfield>
  <controlfield tag="007">ta</controlfield>
  <controlfield tag="008">090918s2000    dr            000 f spa d</controlfield>
  <datafield tag="020" ind1=" " ind2=" ">
    <subfield code="a">9993401242</subfield>
  </datafield>
  <datafield tag="040" ind1=" " ind2=" ">
    <subfield code="a">DO-SdBNP</subfield>
    <subfield code="b">spa</subfield>
    <subfield code="c">BNPHU</subfield>
    <subfield code="e">rda</subfield>
  </datafield>
  <datafield tag="082" ind1=" " ind2="4">
    <subfield code="a">RD868.3</subfield>
    <subfield code="b">G182n 2000</subfield>
    <subfield code="2">22</subfield>
  </datafield>
  <datafield tag="100" ind1="1" ind2=" ">
    <subfield code="a">Galv&#xE1;n, Manuel de J.      </subfield>
    <subfield code="q">(Manuel de Jes&#xFA;s)</subfield>
    <subfield code="d">1834-1910</subfield>
    <subfield code="e">autor</subfield>
  </datafield>
  <datafield tag="100" ind1="z" ind2=" ">
    <subfield code="a">Galv&#xE1;n, Manuel de Jes&#xFA;s </subfield>
  </datafield>
  <datafield tag="245" ind1="1" ind2="0">
    <subfield code="a">Novelas cortas, ensayos y art&#xED;culos /</subfield>
    <subfield code="c">Manuel de Jes&#xFA;s Galv&#xE1;n ; estudios, notas y compilaci&#xF3;n Manuel N&#xFA;&#xF1;ez.</subfield>
  </datafield>
  <datafield tag="246" ind1="1" ind2="4">
    <subfield code="a">Novelas cortas</subfield>
  </datafield>
  <datafield tag="264" ind1=" " ind2=" ">
    <subfield code="a">Santo Domingo :</subfield>
    <subfield code="b">Consejo Presidencial de Cultura,</subfield>
    <subfield code="c">2000.</subfield>
  </datafield>
  <datafield tag="300" ind1=" " ind2=" ">
    <subfield code="a">volumen ;</subfield>
    <subfield code="c">24 cm.</subfield>
  </datafield>
  <datafield tag="336" ind1=" " ind2=" ">
    <subfield code="2">rdacontent</subfield>
    <subfield code="a">texto</subfield>
    <subfield code="b">txt</subfield>
  </datafield>
  <datafield tag="337" ind1=" " ind2=" ">
    <subfield code="2">rdamedia</subfield>
    <subfield code="a">sin mediaci&#xF3;n</subfield>
    <subfield code="b">n</subfield>
  </datafield>
  <datafield tag="338" ind1=" " ind2=" ">
    <subfield code="2">rdacarrier</subfield>
    <subfield code="a">volunen</subfield>
    <subfield code="b">nc</subfield>
  </datafield>
  <datafield tag="490" ind1="0" ind2=" ">
    <subfield code="a">Autores Cl&#xE1;sicos Dominicanos,</subfield>
    <subfield code="v">1</subfield>
  </datafield>
  <datafield tag="500" ind1=" " ind2=" ">
    <subfield code="a">Incluye referencias bibliogr&#xE1;ficas y notas al pie de las p&#xE1;ginas</subfield>
  </datafield>
  <datafield tag="505" ind1="0" ind2=" ">
    <subfield code="a">v.1--</subfield>
    <subfield code="t">Presentaci&#xF3;n /</subfield>
    <subfield code="r">Cayo Claudio Espinal --</subfield>
    <subfield code="t">Prefacio /</subfield>
    <subfield code="r">Manuel N&#xFA;&#xF1;ez --</subfield>
    <subfield code="t">La prosa period&#xED;stica de Manuel de Jes&#xFA;s Galv&#xE1;n /</subfield>
    <subfield code="r">Manuel N&#xFA;&#xF1;ez --</subfield>
    <subfield code="g">Novelas --</subfield>
    <subfield code="t">Elvira y Manfredo ;</subfield>
    <subfield code="t">Federico o el aburrimiento ;</subfield>
    <subfield code="t">La Puericracia --</subfield>
    <subfield code="g">Letrillas ;</subfield>
    <subfield code="t">Programa ;</subfield>
    <subfield code="t">Contestaci&#xF3;n ;</subfield>
    <subfield code="t">Letrilla ;</subfield>
    <subfield code="t">A la memoria del ilustre coronel ;</subfield>
    <subfield code="t">Don El&#xED;as Pi&#xF1;a ;</subfield>
    <subfield code="t">Contestaci&#xF3;n Joco Seria ;</subfield>
    <subfield code="t">Preludios ;</subfield>
    <subfield code="t">Letrilla guitarro- filarm&#xF3;nica ;</subfield>
    <subfield code="t">Quejas de la tumba contra el merengue ;</subfield>
    <subfield code="t">Serenata ;</subfield>
    <subfield code="t">Amor ;</subfield>
    <subfield code="t">La pura verdad --</subfield>
    <subfield code="g">Art&#xED;culos y textos sat&#xED;ricos .</subfield>
    <subfield code="t">El oasis ;</subfield>
    <subfield code="t">La pedanter&#xED;a y los pedantes ;</subfield>
    <subfield code="t">A Marco Aurelio ;</subfield>
    <subfield code="t">Don Ar&#xED;stides ;</subfield>
    <subfield code="t">Don Emilio y las mujeres cient&#xED;ficas ;</subfield>
    <subfield code="t">Los indiscretos y yo ;</subfield>
    <subfield code="t">Enmanuel novelista ;</subfield>
    <subfield code="t">Chismes y enrredos ;</subfield>
    <subfield code="t">La vanidad ;</subfield>
    <subfield code="t">El oas&#xED;s, sus v&#xED;ctimas y los que quieren serlo ;</subfield>
    <subfield code="t">Art&#xED;culo sin ep&#xED;grafe ;</subfield>
    <subfield code="t">Melancol&#xED;a ;</subfield>
    <subfield code="t">A Delicio ;</subfield>
    <subfield code="t">Bosquejo ;</subfield>
    <subfield code="t">Lance vacuno ;</subfield>
    <subfield code="t">Un d&#xED;a campestre ;</subfield>
    <subfield code="t">Vuelo de tortugas --</subfield>
    <subfield code="g">Teatro.</subfield>
    <subfield code="t">Las conspiraciones --</subfield>
    <subfield code="g">Prosa period&#xED;stica ;</subfield>
    <subfield code="t">Editoriales del oasis (1854-1856) ;</subfield>
    <subfield code="t">Prensa europea ;</subfield>
    <subfield code="t">El 27 de febrero ;</subfield>
    <subfield code="t">Crueldad p&#xFA;blica ;</subfield>
    <subfield code="t">Aclaraciones ;</subfield>
    <subfield code="t">Observaci&#xF3;n :</subfield>
    <subfield code="t">27 de febrero ;</subfield>
    <subfield code="t">Interior --</subfield>
    <subfield code="g">Editoriales de la raz&#xF3;n (1861-1864) .</subfield>
    <subfield code="t">La anexi&#xF3;n es la paz ;</subfield>
    <subfield code="t">La situaci&#xF3;n pasada y la presente ;</subfield>
    <subfield code="t">&#xBF;D&#xF3;nde est&#xE1; el partido de B&#xE1;ez? ;</subfield>
    <subfield code="t">Invasi&#xF3;n haitiana ;</subfield>
    <subfield code="t">Espa&#xF1;olismo y pol&#xED;tica de B&#xE1;ez ;</subfield>
    <subfield code="t">Diversas fases de la anexi&#xF3;n ;</subfield>
    <subfield code="t">Espa&#xF1;a y el siglo XIX ;</subfield>
    <subfield code="t">La Antilla pobre ;</subfield>
    <subfield code="t">El periodismo y la polic&#xED;a</subfield>
  </datafield>
  <datafield tag="590" ind1=" " ind2=" ">
    <subfield code="a">Inventariado, 2025/VM</subfield>
  </datafield>
  <datafield tag="600" ind1="1" ind2="0">
    <subfield code="a">Galv&#xE1;n, Manuel de J.      </subfield>
    <subfield code="q">(Manuel de Jes&#xFA;s)</subfield>
    <subfield code="d">1834-1910</subfield>
  </datafield>
  <datafield tag="650" ind1=" " ind2="0">
    <subfield code="a">Novela dominicana</subfield>
  </datafield>
  <datafield tag="650" ind1=" " ind2="0">
    <subfield code="a">Ensayos dominicanos</subfield>
  </datafield>
  <datafield tag="650" ind1=" " ind2="4">
    <subfield code="a">Art&#xED;culos de prensa</subfield>
  </datafield>
  <datafield tag="650" ind1=" " ind2="0">
    <subfield code="a">Literatura dominicana.</subfield>
  </datafield>
  <datafield tag="650" ind1="z" ind2=" ">
    <subfield code="a">Dominican fictions</subfield>
  </datafield>
  <datafield tag="650" ind1="z" ind2=" ">
    <subfield code="a">Dominican essays</subfield>
  </datafield>
  <datafield tag="650" ind1="z" ind2=" ">
    <subfield code="a">Dominican literature</subfield>
  </datafield>
  <datafield tag="700" ind1="1" ind2=" ">
    <subfield code="a">N&#xFA;&#xF1;ez, Manuel,</subfield>
    <subfield code="d">1957-</subfield>
    <subfield code="e">compilador</subfield>
  </datafield>
  <datafield tag="700" ind1="z" ind2=" ">
    <subfield code="a">N&#xFA;&#xF1;ez Asencio, Manuel,</subfield>
    <subfield code="d">1957-</subfield>
  </datafield>
  <datafield tag="910" ind1=" " ind2=" ">
    <subfield code="a">VMateo V. Control de calidadBPMSU</subfield>
  </datafield>
  <datafield tag="942" ind1=" " ind2=" ">
    <subfield code="2">ddc</subfield>
    <subfield code="c">BK</subfield>
  </datafield>
  <datafield tag="952" ind1=" " ind2=" ">
    <subfield code="0">0</subfield>
    <subfield code="1">0</subfield>
    <subfield code="2">ddc</subfield>
    <subfield code="7">0</subfield>
    <subfield code="8">CD</subfield>
    <subfield code="a">BPMET</subfield>
    <subfield code="b">BPMET</subfield>
    <subfield code="d">2025-06-26</subfield>
    <subfield code="l">0</subfield>
    <subfield code="o">BPMSU CD RD863.3 G182n 2000</subfield>
    <subfield code="p">BPMSU25060123</subfield>
    <subfield code="r">2025-06-26</subfield>
    <subfield code="t">v.1</subfield>
    <subfield code="w">2025-06-26</subfield>
    <subfield code="y">BK</subfield>
  </datafield>
  <datafield tag="999" ind1=" " ind2=" ">
    <subfield code="c">15223</subfield>
    <subfield code="d">15223</subfield>
  </datafield>
</record>
